Personnages de Fairy Tail par images - Statistiques

Statistiques générales
  • Ce quiz a été pris 314 fois
  • Le résultat moyen est 23 sur 40
Statistiques - réponses
Par images Réponse % Correct
Happy
100%
Lucky
100%
Lucy
100%
Natsu
100%
Gray
99%
Erza
95%
Wendy
95%
Jubia
93%
Luxus
93%
Carla
92%
Mirajane
92%
Makarof
85%
Elfman
84%
Kanna
83%
Panther Lily
79%
Reby
77%
Lisana
75%
Gajeel
74%
Gildarts
73%
Evergreen
72%
Romeo
72%
Jet
54%
Droy
49%
Max
47%
Arzak
41%
Kinana
38%
Rob
34%
Asuka
33%
Yuri
33%
Nab
32%
Toby
25%
Bixlow
20%
Alya
17%
Yuka
16%
Rita
11%
Lamy
7%
Reedus
7%
Visitor Echo
4%
Banaboster
3%
Lawbawl
3%
Aucun quiz correspondant
Distribution des résultats
% des personnes avec chaque résultat
Percentile par nombre de réponses
Votre historique - résultats
Vous n’avez pas pris ce quiz